| 000 | 01192cam a2200349 4500 | ||
|---|---|---|---|
| 001 | 8438 | ||
| 003 | FISKH | ||
| 005 | 20250912090516.0 | ||
| 008 | 731212s1973 nyua j 000 0beng | ||
| 010 | _a 73077423 | ||
| 020 |
_a0698202740 0698305264 _qlib. bdg. |
||
| 020 |
_a9780698202740 _q(lib. bdg.) |
||
| 035 | _a4088051 | ||
| 040 |
_aDLC _cDLC _dDLC _beng |
||
| 050 | _aF69 .R4178 | ||
| 082 | 0 | 0 | _a 973.3311092 |
| 100 | 1 | _aFritz, Jean. | |
| 245 | 1 | 0 |
_aAnd then what happened, Paul Revere? / _cPictures by Margot Tomes. |
| 260 |
_aNew York : _bCoward, _c1973 |
||
| 300 |
_a45 pages : _bcolor illustrations ; _c20 cm |
||
| 336 |
_atext _btxt _2rdacontent |
||
| 337 |
_aunmediated _bn _2rdamedia |
||
| 338 |
_avolume _bnc _2rdacarrier |
||
| 520 | _aDescribes some of the well-known as well as the lesser-known details of Paul Revere's life and exciting ride. | ||
| 600 | 1 | 0 |
_aRevere, Paul, _d1735-1818 _xJuvenile literature. |
| 600 | 1 | 1 |
_aRevere, Paul, _d1735-1818. |
| 651 | 1 |
_aUnited States _xHistory _yRevolution, 1775-1783 _xBiography. |
|
| 700 | 1 |
_aTomes, Margot, _eillusustrator |
|
| 906 |
_a7 _bcbc _corignew _d2 _eopcn _f19 _gy-gencatlg |
||
| 942 |
_2ddc _cBK _n0 |
||
| 999 |
_c8438 _d8438 |
||